Science quiz - Statistics

General Stats
  • This quiz has been taken 148 times
  • The average score is 11 of 20
Answer Stats
Hint Answer % Correct
1. study of living things biology
93%
17. what gas do humans need to breath oxygen
87%
7. biggest organ in the human body skin
84%
6. what is the scientific name for humans Homo sapiens
83%
18. what is the name of the process of how plants make there energy photosynthesis
82%
2. makes up everything atom
74%
4. atomic composition of a water molecule h2o
73%
16. what causes tides the moon
72%
9. study of rocks geology
65%
5. how many domains are there 3
62%
20. what is the universal solvent water
59%
8. light is a form of... energy
58%
11. what kingdom do humans belong to animal
56%
15. how much of the earth's surface is made up of water 71%
44%
10. study of matter chemistry
42%
3. the study of grouping living organisms taxonomy
33%
21. how much of earth's water does the oceans contain 97%
26%
13. used to heat up substances bunsen burner
25%
19. what are the 4 kingdoms animals plants fungi protists
1%
12. what does the acronym MRS GREN stand for (the first r is reproduce) movement reproduce sense grow respire excrete nutrition
1%
No matching quizzes found
Score Distribution
Percent of People with Each Score
Percentile by Number Answered
Your Score History
You have not taken this quiz